Countries With The Most Belarusian Ancestry - Statistics

General Stats
  • This quiz has been taken 38 times
  • The average score is 16 of 20
Answer Stats
Total Country % Correct
312,000 Poland
100%
890,000 Russia
100%
224,000 Ukraine
100%
26,000 United Kingdom
100%
7,69 mil Belarus
97%
12,000 Estonia
97%
58,000 Latvia
97%
102,000 Lithuania
97%
177,000 United States
94%
59,000 Germany
86%
15,500 France
83%
20,000 Canada
77%
24,500 Italy
77%
11,800 Sweden
71%
80,000 Brazil
66%
24,000 Moldova
66%
38,500 Argentina
63%
18,500 Uzbekistan
63%
55,250 Kazakhstan
60%
10,200 Bulgaria
40%
No matching quizzes found
Score Distribution
Percent of People with Each Score
Percentile by Number Answered
Your Score History
You have not taken this quiz